The link between exchange rates and inflation in Iraq's economy /
Saved in:
| 主要作者: | |
|---|---|
| 格式: | Thesis 图书 |
| 语言: | English |
| 出版: |
2014
|
| 主题: | |
| 标签: |
添加标签
没有标签, 成为第一个标记此记录!
|
| LEADER | 01037cam a2200289 i 4500 | ||
|---|---|---|---|
| 001 | u1006086 | ||
| 003 | SIRSI | ||
| 005 | 201410281223 | ||
| 008 | 141028s2014 my a t 000 0 eng m | ||
| 040 | |a UMM |e rda | ||
| 090 | |a HB71 |b UM 2014 Sha | ||
| 100 | 1 | |a Shaheen, Van Meran, |e author. | |
| 245 | 1 | 4 | |a The link between exchange rates and inflation in Iraq's economy / |c Van Meran Shaheen. |
| 264 | 1 | |c 2014 | |
| 264 | 4 | |c 2014 | |
| 300 | |a x, 69 leaves : |b illustrations ; |c 30 cm | ||
| 336 | |a text |2 rdacontent | ||
| 337 | |a unmediated |2 rdamedia | ||
| 338 | |a volume |2 rdacarrier | ||
| 502 | |b M.Ec. |c Jabatan Ekonomi, Fakulti Ekonomi dan Pentadbiran, Universiti Malaya |d 2014. | ||
| 504 | |a Bibliography: leaves 67-69. | ||
| 650 | 0 | |a Foreign exchange rates |z Iraq. | |
| 650 | 0 | |a Inflation (Finance) |z Iraq. | |
| 710 | 2 | |a Universiti Malaya. |b Jabatan Ekonomi, |e degree granting institution. | |
| 900 | |a ATAH-ZA | ||
| 596 | |a 1 | ||
| 999 | |a HB71 UM 2014 SHA |w LC |c 1 |i A516047928 |d 25/8/2015 |f 25/8/2015 |g 1 |l STACKS |m P01UTAMA |r Y |s Y |t TESIS |u 21/8/2015 |1 AHSS | ||
